000 01049nam a2200289 a 4500
999 _c134765
_d134765
003 BLK
005 20241114005504.0
008 180409b bul|||||r ||||||| ||bul||
010 _aKNG00140682000
040 _aBLK
041 _aBUL
_cBUL
080 _aБългарска литература
_b821.163.2
_x-1(081.2)
_z821.163.2-1(081.2)
100 _aГабе, Дора Петрова
_gПоетеса и писателка. Преводачка от полски език.
_d1886-1983
_qГабе, Изидора Петрова
_9369524
139 _aГабе, Дора Петрова
_bГ 13
245 1 0 _aИзбрани творби
_cДора Габе.
257 _aBGR
260 _bБълг. писател
_c1958
_aСофия
300 _a228 с.
_c25 см
380 _aX
500 _a6 000 тир.
852 _aЦб 11540
942 _cKNG
_n0
_s1
944 _aCR
_c13.03.2013
_lCRON CRON
_k
944 _aED
_c13.03.2013
_l13.03.2013 - от С1,Р / 13.03.2013
944 _aED
_c2021-11-11
_l2021-11-11
_kВК
999 _d134765